Choose the Ended Show: 1990s Quiz Stats

 Plays Quiz not verified by Sporcle

Score 0/10 Timer 03:00
0 Plays Today
Question Answer Wrong Answers
Which show that ended in 1991 began first? Dallas
89.5%
The Adventures of the Gummi Bears
1.8%
Twin Peaks
3.5%
21 Jump Street
5.3%
Which show that ended in 1993 began first? Cheers
84.2%
Saved by the Bell
7%
Doogie Howser, M.D.
3.5%
Perfect Strangers
3.5%
Which show that ended in 1998 began first? Seinfeld
80.7%
Grace Under Fire
1.8%
Living Single
5.3%
Animaniacs
3.5%
Which show that ended in 1996 began first? Murder, She Wrote
78.9%
The Fresh Prince of Bel-Air
12.3%
Teenage Mutant Ninja Turtles
0%
Rocko's Modern Life
1.8%
Which show that ended in 1997 began first? Married with Children
78.9%
Sweet Valley High
1.8%
Duckman
5.3%
The Magic School Bus
5.3%
Which show that ended in 1995 began first? Full House
77.2%
Blossom
7%
My So-Called Life
7%
Batman: The Animated Series
3.5%
Which show that ended in 1999 began first? Home Improvement
71.9%
Sister, Sister
0%
Mad About You
15.8%
Hercules: The Legendary Journeys
3.5%
Which show that ended in 1990 began first? Miami Vice
63.2%
ALF
19.3%
Mr. Belvedere
14%
DuckTales
3.5%
Which show that ended in 1992 began first? Night Court
49.1%
The Golden Girls
33.3%
Growing Pains
12.3%
Tiny Toon Adventures
3.5%
Which show that ended in 1994 began first? Kids Incorporated
43.9%
Dinosaurs
7%
In Living Color
38.6%
Clarissa Exlains It All
8.8%

You're not logged in!

Compare scores with friends on all Sporcle quizzes.
OR
Log In

Show Comments

Extras

Top Quizzes Today


Score Distribution

Your Account Isn't Verified!

In order to create a playlist on Sporcle, you need to verify the email address you used during registration. Go to your Sporcle Settings to finish the process.

Report this User

Report this user for behavior that violates our Community Guidelines.

Details: